College algebra, with analytic geometry

Saved in:
Bibliographic Details
Main Author: Carico, Charles C.
Format: Book
Language:English
Published: New York : Wiley, c1984
Subjects:
Tags: Add Tag
No Tags, Be the first to tag this record!

MARC

LEADER 00000cam a2200000 i 4500
001 1/59016
008 950806s1984 eng d
020 |a 047188748X  |c $21.95 (est.) 
035 |l 10028466 
040 |a GR-MY-UA  |b gre  |e aacr 
041 0 |a eng 
082 0 |a 512/.14  |2 (19) 
100 1 |a Carico, Charles C. 
245 1 0 |a College algebra, with analytic geometry /  |c Charles C. Carico 
260 |a New York :   |b Wiley,   |c c1984 
300 |a ix, 382 p.;  |b ill.;  |c 25 cm 
500 |a Includes index 
650 0 0 |a Algebra. 
650 0 0 |a Geometry, Analytic. 
852 |a INST  |b CHIOS  |e 19950806  |h 512.14 CAR  |p 005200001310  |q 005200001310  |t BK  |y 0 
909 |a Χ  |b 005431